[Event "Terre degli Elimi op 5th"]
[Site "Erice"]
[Date "2014.07.21"]
[Round "4"]
[White "Iannello, Andrea"]
[Black "Ovaskainen, Juha"]
[Result "0-1"]
[WhiteElo "1924"]
[BlackElo "1839"]
[PlyCount "113"]
[EventDate "2014.07.19"]
[EventType "swiss"]
[EventRounds "9"]
[EventCountry "ITA"]
[SourceTitle "CBM 161 Extra"]
[Source "ChessBase"]
[SourceDate "2014.08.29"]
[SourceVersion "1"]
[SourceVersionDate "2014.08.29"]
[SourceQuality "1"]

1. e4 d5 2. exd5 Qxd5 3. Nc3 Qd6 4. d4 Nf6 5. Nge2 c6 6. g3 g6 7. Bg2 Bg7 8. Bf4 Qd8 9. 0-0 0-0 10. Qd2 Be6 11. Rad1 Nd5 12. Bh6 Nd7 13. Bxg7 Kxg7 14. Ne4 N5f6 15. Nf4 Bc4 16. Rfe1 Nxe4 17. Rxe4 Nf6 18. Ree1 Bd5 19. Nxd5 Nxd5 20. Bxd5 cxd5 21. Qb4 e6 22. Qxb7 Qd6 23. Qb3 Rab8 24. Qa4 Rxb2 25. Qxa7 Rxc2 26. Rb1 Qc6 27. Rb6 Rxa2 28. Qxf7+ Rxf7 29. Rxc6 Rfxf2 30. Rcxe6 Rg2+ 31. Kh1 Rxh2+ 32. Kg1 Rag2+ 33. Kf1 Rd2 34. Kg1 Rhg2+ 35. Kh1 Rxg3 36. Re7+ Kh6 37. R7e2 Rxe2 38. Rxe2 Rd3 39. Rh2+ Kg7 40. Rh4 g5 41. Rg4 Kg6 42. Rg2 Rxd4 43. Ra2 h5 44. Kg2 Kf5 45. Ra8 Kg4 46. Ra2 h4 47. Rb2 Rc4 48. Rd2 d4 49. Rd1 Kf4 50. Rf1+ Ke3 51. Rf3+ Ke4 52. Rf8 d3 53. Rg8 Rc5 54. Re8+ Kd4 55. Rd8+ Rd5 56. Rg8 d2 57. Kf3 0-1